LEADER 01120nam a2200277 i 4500 001 000000080820 003 CaOOAMICUS 005 20200127100610.0 008 171124s2017 it u000 u ita u 013 $a53058 020 $a978-88-514-1927-1 040 $aSeMil$bita 100 1 $aPinna, Samuele.$0(OLS)http://semarc/name/74305 245 10$aSpaghetti con Gesù Cristo! :$bla «teologia» di Bud Spencer /$cSamuele Pinna. 260 $aMilano :$bÀncora,$c2017. 300 $a151 p. ;$c21 cm. 500 $aCon dedica dell'Autore. 650 4$aPedersoli, Carlo <1929-2016 ; Bud Spencer>.$0(OLS)http://semarc/subject/45363 830 0$aProfili.$0(OLS)http://semarc/title/10268 850 $aSeMil 852 $aSeMil$W1$xVenegono$y1$m3M II 253$j46197$B46197$CSeMilBibl$Z2$F48417 $81 961 $aOmaggio: Delpini mons. Mario 996 $6020$a978-88-514-1927-1$9(OLS)http://semarc/number/270872 996 $6245$aSpaghetti con Gesù Cristo! :$bla «teologia» di Bud Spencer$9(OLS)http://semarc/title/404164 996 $6260$aMilano :$bÀncora$9(OLS)http://semarc/publisher/29763 LEADER 00548nab a2200145 i 4500 001 000000310434 003 CaOOAMICUS 005 20180831173013.0 008 180831n xx uu u0 0und r 013 $a19526 040 $aSeMil$bita 100 1 $aAlbertario, Davide,$c.$0(OLS)http://semarc/name/14608 245 10$aCenno necrologico di S. Ecc. Mons. Luigi Nicora, Vescovo di Como. 773 0 $t[Luglio-Dicembre].$g385-392$w()273981 996 $6245$aCenno necrologico di S. Ecc. Mons. Luigi Nicora, Vescovo di Como$9(OLS)http://semarc/title/385238